|
|
|
|
| LEADER |
01059nam a2200277 a 4500 |
| 001 |
13711769 |
| 008 |
091022s2002 enka |b 000 0 eng d |
| 010 |
|
|
|a \\2004445198
|
| 020 |
|
|
|a 0855985259 (pbk.)
|
| 040 |
|
|
|a StDuBDS
|c StDuBDS
|d Uk
|d DLC
|
| 082 |
0 |
4 |
|a 382
|2 22
|
| 100 |
1 |
|
|a Watkins, Kevin.
|
| 245 |
1 |
0 |
|a Rigged rules and double standards :
|b trade, globalisation, and the fight against poverty /
|c written by Kevin Watkins and Penny Fowler.
|
| 260 |
|
|
|a Oxford :
|b Oxfam,
|c 2002.
|
| 300 |
|
|
|a 271 p. :
|b ill. ;
|c 30 cm.
|
| 500 |
|
|
|a Cover title.
|
| 500 |
|
|
|a "Make Trade Fair"--Cover.
|
| 504 |
|
|
|a Includes bibliographical references (p. 261-269).
|
| 541 |
1 |
|
|e 00011131
|
| 650 |
|
0 |
|a International trade.
|
| 650 |
|
0 |
|a Globalization.
|
| 650 |
|
0 |
|a Equality.
|
| 700 |
1 |
|
|a Fowler, Penny.
|
| 852 |
4 |
|
|a Ayesha Abed Library
|j General shelf
|
| 999 |
|
|
|c 4800
|d 4800
|
| 952 |
|
|
|0 0
|1 4
|2 ddc
|4 0
|6 382_000000000000000_WAT
|7 0
|9 4610
|a BRACUL
|b BRACUL
|c GEN
|d 2009-10-24
|g 0.00
|l 0
|o 382 WAT
|p 3010011131
|r 2009-10-24
|t 1
|w 2009-10-24
|y BK
|x No price found in the accession register.
|